000 00435nam a22001697a 4500
003 NUST - PNEC
005 20170116181010.0
008 150912b xxu||||| |||| 00| 0 eng d
020 _a067248417X
040 _cLIBRARY
082 _a005.26 AND
100 _99511
_aAnderson, Paul
245 _a Advanced C : tips and techniques
_cPaul L. Anderson
260 _cc.1988
650 _99514
_bMS Communication
_xMSCom
942 _2ddc
_cBK
999 _c67073
_d67073